|
|
|
|
| LEADER |
00761nam a22002172a 4500 |
| 001 |
000427990 |
| 003 |
CZ BrMZK |
| 005 |
20150328122357.0 |
| 008 |
990307s1978 pl f pol d |
| 040 |
|
|
|a BOA001
|b cze
|
| 100 |
1 |
|
|a Jaskot, Kazimierz,
|d 1936-2005
|7 mzk2015865269
|
| 245 |
1 |
0 |
|a Aktywność społeczna studentów /
|c Kazimierz Jaskot
|
| 250 |
|
|
|a 1. wyd.
|
| 260 |
|
|
|a Szczecin :
|b Wydawnictwo naukowe Wyższej szkoły pedagogicznej,
|c 1978
|
| 300 |
|
|
|a 154 s.
|
| 490 |
1 |
|
|a Rozprawy i studia ;
|v t. 25
|
| 830 |
|
0 |
|a Rozprawy i studia
|
| 910 |
|
|
|a BOA001
|b PK-0084.303
|
| 964 |
|
|
|a Aktivita společenská - výchova - rozbory - školy vysoké
|
| 990 |
|
|
|a BK
|
| 996 |
7 |
|
|b 3119826645
|c PK-0084.303
|l MZK
|r Sklad / do 1 hodiny
|n 0
|w 000427990
|u 000010
|a 1
|e BOA001
|j MZK50
|s A
|